Statystyki dla Państwa w języku portugalskim

Kliknij tutaj aby rozwiązać quiz!

Ogólne statystyki

  • Ten quiz został rozwiązany 243 razy
  • Średni wynik to 12 z 16

Statystyki odpowiedzi

PortugalskiPolski% Poprawnych
PolóniaPolska
100%
TurquiaTurcja
99%
EspanhaHiszpania
98%
JapãoJaponia
98%
NoruegaNorwegia
98%
GréciaGrecja
97%
Timor LesteTimor Wschodni
87%
Estados UnidosStany Zjednoczone
81%
SuéciaSzwecja
78%
Coreia do NorteKorea Północna
70%
AlemanhaNiemcy
67%
SuíçaSzwajcaria
66%
Sudão do SulSudan Południowy
64%
DinamarcaDania
61%
Costa do MarfimWybrzeże Kości
Słoniowej
41%
Países BaixosHolandia
19%

Rozkład punktacji

Percentyl według liczby udzielonych odpowiedzi

Procent ludzi z każdym wynikiem

Twoja historia wyników

Nie rozwiązałeś tego quizu